000 00357nam a22001337a 4500
999 _c2095
_d2095
008 200213b ||||| |||| 00| 0 eng d
082 0 0 _a621.67
_bA5451
100 _91692
_aAnderson, H. H.
245 1 0 _aCentrifugal pumps /
_cby H. H. Anderson
260 _aSurrey
_bTrade & Technical Press
_c[n.d.]
300 _a.
650 0 _aCentrifugal pumps
942 _cBK